Riziká voľného pohybu tovaru na vnútornom trhu EÚ bakalárska práca

Uložené v:
Podrobná bibliografia
Hlavný autor: Knap, Juraj
Korporativný autor: Obchodná fakulta EU. Katedra tovaroznalectva a kvality tovaru
Ďalší autori: Košútová, Tatiana, 1962-
Médium: Kniha
Jazyk:Slovak
Vydavateľské údaje: Bratislava 2015
Tagy: Pridať tag
Žiadne tagy, Buďte prvý, kto otaguje tento záznam!

MARC

LEADER 00000nbm a2200000 4500
001 0203276
005 20161212105818.3
041 0 |a slo 
044 |a SK 
245 1 0 |a Riziká voľného pohybu tovaru na vnútornom trhu EÚ  |b bakalárska práca  |c Juraj Knap ; školiteľ: Tatiana Košútová 
264 1 |a Bratislava  |c 2015 
300 |a 46 s. 
100 1 |a Knap, Juraj 
700 1 |a Košútová, Tatiana, 1962- 
710 2 |a Obchodná fakulta EU. Katedra tovaroznalectva a kvality tovaru